The Northern lights / (Record no. 2864)
[ view plain ]
| 000 -LEADER | |
|---|---|
| fixed length control field | 00870cgm a22002775a 4500 |
| 005 - DATE AND TIME OF LATEST TRANSACTION | |
| control field | 20250815163406.0 |
| 020 ## - INTERNATIONAL STANDARD BOOK NUMBER | |
| International Standard Book Number | 9780590761550 |
| 040 ## - CATALOGING SOURCE | |
| Original cataloging agency | DLC |
| Transcribing agency | DLC |
| Description conventions | amim |
| Language of cataloging | eng |
| 050 00 - LIBRARY OF CONGRESS CALL NUMBER | |
| Classification number | QC971.C23 |
| 082 ## - DEWEY DECIMAL CLASSIFICATION NUMBER | |
| Classification number | 538.768 |
| 100 ## - MAIN ENTRY--PERSONAL NAME | |
| Personal name | Canizares, Susan |
| 245 04 - TITLE STATEMENT | |
| Title | The Northern lights / |
| Statement of responsibility, etc. | by Canizares, Susan |
| 250 ## - EDITION STATEMENT | |
| Edition statement | Printed in the U.S.A |
| 260 ## - PUBLICATION, DISTRIBUTION, ETC. | |
| Date of publication, distribution, etc. | 1998 |
| Place of publication, distribution, etc. | New York : |
| Name of publisher, distributor, etc. | Scholastic , |
| 300 ## - PHYSICAL DESCRIPTION | |
| Extent | 12 unnumbered pages : |
| Other physical details | color illustrations ; |
| Dimensions | 19 cm. |
| 490 ## - SERIES STATEMENT | |
| Series statement | Science Emergent Readers |
| 500 ## - GENERAL NOTE | |
| General note | Source(s) used: copyright data sheet; copyright data base. |
| 505 ## - FORMATTED CONTENTS NOTE | |
| Formatted contents note | A <br/> |
| 520 ## - SUMMARY, ETC. | |
| Summary, etc. | Focuses on the beauty of the colors found in the northern lights. |
| 521 ## - TARGET AUDIENCE NOTE | |
| Target audience note | 70 <br/> |
| Source | Lexile <br/> |
| 521 ## - TARGET AUDIENCE NOTE | |
| Target audience note | A <br/> |
| Source | Raz-Plus <br/> |
| 655 #7 - INDEX TERM--GENRE/FORM | |
| Genre/form data or focus term | Animation |
| Source of term | migfg |
| 906 ## - LOCAL DATA ELEMENT F, LDF (RLIN) | |
| a | 0 |
| b | cbc |
| c | orignew |
| d | u |
| e | ncip |
| f | 20 |
| g | y-movingim |
| 942 ## - ADDED ENTRY ELEMENTS (KOHA) | |
| Source of classification or shelving scheme | Dewey Decimal Classification |
| Koha item type | Books |
| Suppress in OPAC | No |
| 999 ## - | |
| -- | 2864 |
| -- | 2864 |
| Withdrawn status | Lost status | Source of classification or shelving scheme | Damaged status | Not for loan | Collection | Home library | Current library | Shelving location | Date acquired | Total Checkouts | Full call number | Barcode | Date last seen | Date last checked out | Price effective from | Koha item type | Copy number |
|---|---|---|---|---|---|---|---|---|---|---|---|---|---|---|---|---|---|
| Dewey Decimal Classification | Non-Fiction | Footprints International School Library Network Toul Tom Poung Campus | Footprints International School Library Network Toul Tom Poung Campus | TTP Primary Green Bookshelves | 01/18/2024 | 2 | CAN 538.768 QC971.C23 | FISBK05108 | 03/04/2024 | 02/19/2024 | 01/18/2024 | Books | |||||
| Dewey Decimal Classification | Non-Fiction | Footprints International School Library Network Toul Tom Poung Campus | Footprints International School Library Network Toul Tom Poung Campus | TTP Primary Green Bookshelves | 08/15/2025 | CAN 538.768 QC971.C23 | FISBK05113 | 08/15/2025 | 08/15/2025 | Books | 2 |
